<?xml version="1.0" encoding="UTF-8"?>
<record
    xmlns:xsi="http://www.w3.org/2001/XMLSchema-instance"
    xsi:schemaLocation="http://www.loc.gov/MARC21/slim http://www.loc.gov/standards/marcxml/schema/MARC21slim.xsd"
    xmlns="http://www.loc.gov/MARC21/slim">

  <leader>01091nam a2200301 a 4500</leader>
  <controlfield tag="001">BRL_1442</controlfield>
  <controlfield tag="005">20190320211216.0</controlfield>
  <controlfield tag="008">150114s1992----u--o######---#000-0#eng-#</controlfield>
  <datafield tag="020" ind1=" " ind2=" ">
    <subfield code="a">0811800628</subfield>
  </datafield>
  <datafield tag="041" ind1=" " ind2=" ">
    <subfield code="a">eng</subfield>
  </datafield>
  <datafield tag="044" ind1=" " ind2=" ">
    <subfield code="a">u</subfield>
  </datafield>
  <datafield tag="050" ind1=" " ind2="4">
    <subfield code="a">GT1748.I52</subfield>
    <subfield code="b">.S53 1992</subfield>
  </datafield>
  <datafield tag="100" ind1="1" ind2=" ">
    <subfield code="a">Slattum, Judy</subfield>
    <subfield code="9">26928</subfield>
  </datafield>
  <datafield tag="245" ind1="1" ind2="0">
    <subfield code="a">Masks of Bali</subfield>
    <subfield code="b">spirits of an ancient drama</subfield>
    <subfield code="c">Judy Slattum ; photographs by Paul Schraub ; preface by Hildred Geertz.</subfield>
  </datafield>
  <datafield tag="260" ind1=" " ind2=" ">
    <subfield code="a">San Francisco</subfield>
    <subfield code="b">Chronicle Books</subfield>
    <subfield code="c">1992</subfield>
  </datafield>
  <datafield tag="300" ind1=" " ind2=" ">
    <subfield code="a">131 p.</subfield>
    <subfield code="b">il., fotograf&#xED;as a color</subfield>
    <subfield code="c">27 cm.</subfield>
  </datafield>
  <datafield tag="500" ind1=" " ind2=" ">
    <subfield code="a">Au1791</subfield>
  </datafield>
  <datafield tag="504" ind1=" " ind2=" ">
    <subfield code="a">Bibliograf&#xED;a: p. 130-131</subfield>
  </datafield>
  <datafield tag="650" ind1="1" ind2="4">
    <subfield code="a">M&#xE1;scaras</subfield>
    <subfield code="x">Aspectos religiosos</subfield>
    <subfield code="z">Bali (Indonesia)</subfield>
    <subfield code="9">26929</subfield>
  </datafield>
  <datafield tag="650" ind1="1" ind2="4">
    <subfield code="a">M&#xE1;scaras</subfield>
    <subfield code="x">Aspectos sociales</subfield>
    <subfield code="z">Bali (Indonesia)</subfield>
    <subfield code="9">26930</subfield>
  </datafield>
  <datafield tag="650" ind1="1" ind2="4">
    <subfield code="a">Ritos y ceremonias</subfield>
    <subfield code="z">Bali (Indonesia)</subfield>
    <subfield code="9">26931</subfield>
  </datafield>
  <datafield tag="651" ind1=" " ind2="4">
    <subfield code="a">Bali (Indonesia : Provincia)</subfield>
    <subfield code="x">Vida religiosa y custumbres</subfield>
    <subfield code="9">26932</subfield>
  </datafield>
  <datafield tag="651" ind1=" " ind2="4">
    <subfield code="a">Bali (Indonesia : Provincia)</subfield>
    <subfield code="x">Vida social y costumbres</subfield>
    <subfield code="9">26933</subfield>
  </datafield>
  <datafield tag="700" ind1="1" ind2=" ">
    <subfield code="a">Schraub, Paul</subfield>
    <subfield code="e">il.</subfield>
    <subfield code="9">26934</subfield>
  </datafield>
  <datafield tag="700" ind1="1" ind2=" ">
    <subfield code="a">Geertz, Hildred</subfield>
    <subfield code="9">26935</subfield>
  </datafield>
  <datafield tag="902" ind1=" " ind2=" ">
    <subfield code="a">GRL</subfield>
  </datafield>
  <datafield tag="942" ind1=" " ind2=" ">
    <subfield code="2">lcc</subfield>
    <subfield code="c">B</subfield>
  </datafield>
  <datafield tag="999" ind1=" " ind2=" ">
    <subfield code="c">10252</subfield>
    <subfield code="d">10252</subfield>
  </datafield>
  <datafield tag="952" ind1=" " ind2=" ">
    <subfield code="0">0</subfield>
    <subfield code="1">0</subfield>
    <subfield code="4">0</subfield>
    <subfield code="7">0</subfield>
    <subfield code="a">BRL</subfield>
    <subfield code="b">BRL</subfield>
    <subfield code="d">2014-01-15</subfield>
    <subfield code="i">Au1791</subfield>
    <subfield code="l">0</subfield>
    <subfield code="o">GT1748.I52 .S53 1992 (Au1791)</subfield>
    <subfield code="p">GRL01602</subfield>
    <subfield code="r">2019-03-22 00:00:00</subfield>
    <subfield code="w">2019-03-22</subfield>
    <subfield code="y">B</subfield>
  </datafield>
</record>
